[Event "RUS-chT (Women)"]
[Site "Sochi"]
[Date "2007.05.10"]
[Round "10"]
[White "Korbut, Ekaterina"]
[Black "Zdebskaja, Natalia"]
[Result "1-0"]
[WhiteElo "2429"]
[BlackElo "2335"]
[PlyCount "95"]
[EventDate "2007.05.01"]
[EventType "team"]
[EventRounds "11"]
[EventCountry "RUS"]
[SourceTitle "CBM 118 Extra"]
[Source "ChessBase"]
[SourceDate "2007.07.04"]
[SourceVersion "1"]
[SourceVersionDate "2007.07.04"]
[SourceQuality "1"]

1. e4 c6 2. d4 d5 3. e5 Bf5 4. Nd2 e6 5. Nb3 Nd7 6. Be3 Nb6 7. Nf3 Nc4 8. Bxc4 dxc4 9. Nbd2 Qd5 10. 0-0 0-0-0 11. c3 Bd3 12. Re1 b5 13. b3 Ba3 14. bxc4 Bxc4 15. Qc2 Nh6 16. Nxc4 Qxc4 17. Nd2 Qa4 18. Qxa4 bxa4 19. Bxh6 gxh6 20. Rab1 Be7 21. Rb2 Ba3 22. Rc2 Kc7 23. f4 Rb8 24. Nc4 Be7 25. f5 Rhd8 26. Rf1 c5 27. g3 Rd7 28. Kg2 Kd8 29. f6 Bf8 30. Kf3 cxd4 31. cxd4 Rb5 32. Ke4 Rbd5 33. Rd1 Bc5 34. Rcd2 Bb4 35. Rd3 Rc7 36. Ne3 Rdd7 37. d5 Ke8 38. dxe6 fxe6 39. Rxd7 Rxd7 40. Rxd7 Kxd7 41. g4 Ke8 42. Nc2 Bc5 43. Nd4 Kf7 44. h4 Bb4 45. Nc6 Be1 46. Nd8+ Ke8 47. Nxe6 Bxh4 48. Kf5 1-0

[Event "RUS-chT (Women)"]
[Site "Sochi"]
[Date "2007.05.04"]
[Round "4"]
[White "Lagno, Kateryna"]
[Black "Korbut, Ekaterina"]
[Result "1-0"]
[WhiteElo "2467"]
[BlackElo "2429"]
[PlyCount "63"]
[EventDate "2007.05.01"]
[EventType "team"]
[EventRounds "11"]
[EventCountry "RUS"]
[SourceTitle "CBM 118 Extra"]
[Source "ChessBase"]
[SourceDate "2007.07.04"]
[SourceVersion "1"]
[SourceVersionDate "2007.07.04"]
[SourceQuality "1"]

1. e4 c5 2. Nf3 Nc6 3. Bb5 Nf6 4. e5 Nd5 5. Nc3 Nc7 6. Bxc6 dxc6 7. h3 h6 8. d3 Bf5 9. 0-0 Qd7 10. Be3 Ne6 11. a4 a5 12. Ne2 g5 13. Nd2 Bg7 14. Nc4 Qc7 15. f4 gxf4 16. Nxf4 Nxf4 17. Bxf4 Be6 18. Qe1 b6 19. Qg3 0-0-0 20. Ra3 Rdg8 21. Qe3 Rd8 22. Rb3 Bxc4 23. dxc4 e6 24. Qe2 Rhg8 25. Rg3 Qd7 26. Kh2 f5 27. exf6 Bxf6 28. Rxg8 Rxg8 29. Rd1 Qe8 30. Rd6 Bxb2 31. Rxe6 Qf8 32. Qe4 1-0

[Event "EU-ch (Women) 8th"]
[Site "Dresden"]
[Date "2007.04.09"]
[Round "7"]
[White "Mamedjarova, Zeinab"]
[Black "Korbut, Ekaterina"]
[Result "0-1"]
[WhiteElo "2307"]
[BlackElo "2452"]
[PlyCount "118"]
[EventDate "2007.04.03"]
[EventType "swiss"]
[EventRounds "11"]
[EventCountry "GER"]
[SourceTitle "CBM 117 Extra"]
[Source "ChessBase"]
[SourceDate "2007.05.09"]
[SourceVersion "1"]
[SourceVersionDate "2007.05.09"]
[SourceQuality "1"]

1. d4 d5 2. c4 c6 3. e3 Nf6 4. Nf3 e6 5. Nc3 Nbd7 6. Bd3 dxc4 7. Bxc4 b5 8. Bd3 Bd6 9. a4 b4 10. Ne4 Nxe4 11. Bxe4 Bb7 12. a5 Qc8 13. Qa4 c5 14. Bxb7 Qxb7 15. dxc5 Bxc5 16. a6 Qc7 17. Bd2 Qd6 18. 0-0 0-0 19. Rfd1 Nb6 20. Qb5 Nd5 21. e4 Qb6 22. Qxb6 Nxb6 23. Ra5 Rac8 24. Rxc5 Rxc5 25. Bxb4 Rb5 26. Bxf8 Kxf8 27. g4 Ke7 28. Rd2 Ra5 29. Nd4 Rxa6 30. Nc6+ Kf6 31. e5+ Kg5 32. Rd4 Nd5 33. Rc4 Nf4 34. h3 Nxh3+ 35. Kg2 Nf4+ 36. Kf3 Nd5 37. Nd8 Kg6 38. Ke4 Ra1 39. f4 Re1+ 40. Kf3 Re3+ 41. Kf2 Rb3 42. f5+ exf5 43. Rc6+ Kg5 44. Nxf7+ Kxg4 45. e6 Rxb2+ 46. Kf1 Rb6 47. Rc4+ Kh5 48. Rc5 Ne3+ 49. Kg1 Rxe6 50. Ra5 a6 51. Ne5 g5 52. Nd3 Kh4 53. Ra2 Ng4 54. Kf1 f4 55. Ne1 Ne3+ 56. Kg1 Kg3 57. Rf2 Rd6 58. Re2 Rd1 59. Kh1 a5 0-1

[Event "St Petersburg FINEC GM"]
[Site "St Petersburg"]
[Date "2007.02.02"]
[Round "9"]
[White "Korbut, Ekaterina"]
[Black "Kim, Alexey"]
[Result "0-1"]
[WhiteElo "2452"]
[BlackElo "2457"]
[PlyCount "116"]
[EventDate "2007.01.25"]
[EventType "tourn"]
[EventRounds "9"]
[EventCountry "RUS"]
[EventCategory "9"]
[SourceTitle "CBM 116 Extra"]
[Source "ChessBase"]
[SourceDate "2007.03.07"]
[SourceVersion "1"]
[SourceVersionDate "2007.03.07"]
[SourceQuality "1"]

1. e4 c6 2. d4 d5 3. Nc3 dxe4 4. Nxe4 Bf5 5. Ng3 Bg6 6. h4 h6 7. Nf3 Nd7 8. h5 Bh7 9. Bd3 Bxd3 10. Qxd3 e6 11. Bf4 Qa5+ 12. Bd2 Qc7 13. Qe2 Ngf6 14. c4 Bd6 15. Nf5 Bf4 16. Nxg7+ Kf8 17. Bxf4 Qxf4 18. Nxe6+ fxe6 19. Nh4 Qe4 20. Ng6+ Kf7 21. Nxh8+ Rxh8 22. Qxe4 Nxe4 23. g4 Ng5 24. Ke2 e5 25. dxe5 Ne6 26. f4 Nxf4+ 27. Ke3 Ne6 28. Rae1 Rg8 29. Rhf1+ Ke7 30. Kf3 Rg5 31. Kg3 Nxe5 32. Re4 Ng7 33. Kh3 b6 34. b4 Ne8 35. Ref4 Nd6 36. c5 Ndf7 37. Re1 Ke6 38. Rd4 Rg8 39. Kg3 bxc5 40. bxc5 Rb8 41. Ra4 a5 42. Re3 Rb5 43. Rea3 Rxc5 44. Rxa5 Rc1 45. R5a4 c5 46. Re3 Kd5 47. Ra7 c4 48. a4 Kd4 49. Ra3 c3 50. Rc7 Nc4 51. Ra2 Nfd6 52. a5 c2 53. Rxc2 Rxc2 54. a6 Ra2 55. a7 Ne4+ 56. Kh3 Ne5 57. Rb7 Ke3 58. g5 hxg5 0-1